LEADER 01493nam0 2200337 i 450 001 VAN0014382 005 20090721120000.0 100 $a20031204d1979 |0itac50 ba 101 $aita 102 $aIT 105 $a|||| ||||| 200 1 $aˆLe ‰basi biologiche del comportamento sociale umano$estudiare gli animali per comprendere l'uomo$fRobert A. Hinde 205 $aBologna : Zanichelli$b1979 210 $aVIII$d416 p. : ill. ; 22 cm 215 $aTrad. di Alfredo Suvero, rev. di Danilo Mainardi. 606 $aPrimati$xComportamento$3VANC007583$2FI 620 $dBologna$3VANL000003 676 $a599.8045$v21 700 1$aHinde$bRobert A.$3VANV010484$072852 702 1$aMainardi$bDanilo$3VANV014087 702 1$aSuvero$bAlfredo$3VANV055847 712 $aZanichelli $3VANV110843$4650 790 1$aHinde, R. A.$zHinde, Robert A.$3VANV064007 801 $aIT$bSOL$c20240621$gRICA 899 $aBIBLIOTECA DEL DIPARTIMENTO DI GIURISPRUDENZA$1IT-CE0105$2VAN00 899 $aBIBLIOTECA DEL DIPARTIMENTO DI PSICOLOGIA$1IT-CE0119$2VAN16 912 $aVAN0014382 950 $aBIBLIOTECA DEL DIPARTIMENTO DI PSICOLOGIA$d16CONS 1546 $e16VS 1514 20040827 950 $aBIBLIOTECA DEL DIPARTIMENTO DI GIURISPRUDENZA$d00CONS XXI.Da.2 $e00 3886 20031205 996 $aBasi biologiche del comportamento sociale umano$9819902 997 $aUNICAMPANIA LEADER 02492nam0 22005053i 450 001 VAN00249931 005 20240806101421.704 017 70$2N$a9783030603007 100 $a20220909d2020 |0itac50 ba 101 $aeng 102 $aCH 105 $a|||| ||||| 200 1 $aˆThe ‰Projected Subgradient Algorithm in Convex Optimization$fAlexander J. Zaslavski 210 $aCham$cSpringer$d2020 215 $avi, 146 p.$cill.$d24 cm 410 1$1001VAN00102834$12001 $aSpringerBriefs in optimization$1210 $aBerlin [etc.]$cSpringer$d2012- 500 1$3VAN00249933$aˆThe ‰Projected Subgradient Algorithm in Convex Optimization$92909498 606 $a49M37$xNumerical methods based on nonlinear programming [MSC 2020]$3VANC023193$2MF 606 $a65K05$xNumerical mathematical programming methods [MSC 2020]$3VANC028868$2MF 606 $a90C25$xConvex programming [MSC 2020]$3VANC019709$2MF 606 $a90C26$xNonconvex programming, global optimization [MSC 2020]$3VANC026769$2MF 606 $a90C30$xNonlinear programming [MSC 2020]$3VANC023183$2MF 610 $aConvex Optimization$9KW:K 610 $aInfluence computational errors$9KW:K 610 $aNonsmooth convex optimization$9KW:K 610 $aOptimization problems bounded sets$9KW:K 610 $aProjected subgradient algorithm$9KW:K 610 $aQuasi-convex optimization$9KW:K 610 $aSubgradient algorithm$9KW:K 610 $aZero-sum games$9KW:K 620 $aCH$dCham$3VANL001889 700 1$aZaslavski$bAlexander J.$3VANV080282$0721713 712 $aSpringer $3VANV108073$4650 790 1$aZaslavski, A. J.$zZaslavski, Alexander J.$3VANV236541 790 1$aZaslavski, A.J.$zZaslavski, Alexander J.$3VANV236542 790 1$aZaslavski, Alexander Jakovlevich$zZaslavski, Alexander J.$3VANV236539 790 1$aZaslavskij, Aleksandr Jakovlevi?$zZaslavski, Alexander J.$3VANV236540 801 $aIT$bSOL$c20241122$gRICA 856 4 $uhttp://doi.org/10.1007/978-3-030-60300-7$zE-book ? Accesso al full-text attraverso riconoscimento IP di Ateneo, proxy e/o Shibboleth 899 $aBIBLIOTECA DEL DIPARTIMENTO DI MATEMATICA E FISICA$1IT-CE0120$2VAN08 912 $fN 912 $aVAN00249931 950 $aBIBLIOTECA DEL DIPARTIMENTO DI MATEMATICA E FISICA$d08DLOAD e-book 4889 $e08eMF4889 20220909 996 $aProjected Subgradient Algorithm in Convex Optimization$92909498 997 $aUNICAMPANIA